00698nam a2200193Ia 4500952014400000999001700144003000400161005001700165008004100182020001800223040000900241082001800250100002500268245010900293260003400402300000900436650001700445942004200462 00102ddc40708COMPUTER SCIENCEaMESbMEScCOMPd2019-02-20g5219.00l0o003.71 BEN/Lp39330r2019-02-20 00:00:00w2019-02-20yBKzGL30R1 c32474d32474OSt20201008112356.0190216s9999||||xx |||||||||||||| ||und|| a9783319084367 coclc a003.71bBEN/L aBenner, Peter 95450 0aLarge -Scale Networks In Engineering And Life Siences /cPeter Benner ; Rolf Findeisen ; D Flockerzi ... bBirkhauser,c2014.aNew York: a388p aMathe Matics cBK2ddch003.71iBEN/Lk003.71mBEN/L